NFL Players on the 2002 best recruits list - Statistics

General Stats
  • This quiz has been taken 3 times
  • The average score is 3 of 15
Answer Stats
Hint Answer % Correct
Bears/Falcons KR Devin Hester
100%
Panthers RB DeAngelo Williams
67%
Cardinals WR Larry Fitzgerald
67%
Jaguars TE Marcedes Lewis
67%
Titans/Eagles QB Vince Young
33%
Packers OLB AJ Hawk
0%
Jets OG D'Brickashaw Ferguson
0%
Texans MLB DeMeco Ryans
0%
Browns OLB D'Qwell Jackson
0%
Cardinals QB Drew Stanton
0%
Ravens DT Haloti Ngata
0%
Falcons OG Justin Blalock
0%
Dolphins QB Matt Moore
0%
Jets C Nick Mangold
0%
Chargers OLB Shawne Merriman
0%
No matching quizzes found
Score Distribution
Percent of People with Each Score
Percentile by Number Answered
Your Score History
You have not taken this quiz